000 01530nam a2200349 c 4500
999 _c165517
_d165517
003 BLK
005 20220714121223.0
008 180410b bul|||||r ||||||| ||bul||
010 _aKNG00173131000
040 _aBLK
041 _aBUL
_cBUL
080 _aАвиомоделизъм
_b629.73.001.57
_x(035)
_z629.73.001.57(035)
100 1 _aДжонджоров, Атанас А.
_eпърви автор
_960965
139 _aДжонджоров, Атанас А. и др.
_bД 52
245 1 0 _aРъководство по авиомоделизъм
_cАтанас А. Джонджоров; съавт. Стоян Любенов Невенкин; науч. ред. Коста Божинов.
250 _a3. доп. изд.
257 _aBGR
260 _bТехника
_c1973
_fШумен : печ. Г. Димитров
_aСофия
300 _a240 с.
_bс черт.
_c21 см
380 _a62
490 1 _aБиблиотека Моделист-конструктор
500 _a1. изд. 1960 под авт. Атанас Джонджоров.
650 4 _aАвиомоделизъм - наръчници и ръководства
_9146224
653 _aавиомоделизъм
700 1 _aНевенкин, Стоян Любенов
_eсъавт.
_9363830
700 1 _aБожинов, Коста
_eнауч. ред.
_9336779
852 _aЦб 67297
856 4 _qpdf
856 4 _qpdf
942 _cKNG
_n0
_02
_s1
944 _aCR
_c17.03.2015
_kРенета_Константинова
944 _aED
_c17.03.2015
_kРенета_Константинова
999 _d165517